000
00216nam a22000857a 4500
008
161125b xxu||||| |||| 00| 0 eng d
100
_9
1452
_a
Pal.Y.etal.
245
_a
Secondary Biology-IX
260
_a
New Delhi
_b
Arya
_c
2009
999
_c
4176
_d
4176